Fundamentals on food processing / (Record no. 2216)
[ view plain ]
| 000 -LEADER | |
|---|---|
| fixed length control field | 00670nam a22002057a 4500 |
| 005 - DATE AND TIME OF LATEST TRANSACTION | |
| control field | 20230724033646.0 |
| 008 - FIXED-LENGTH DATA ELEMENTS--GENERAL INFORMATION | |
| fixed length control field | 230724b |||||||| |||| 00| 0 eng d |
| 020 ## - INTERNATIONAL STANDARD BOOK NUMBER | |
| International Standard Book Number | 978-971-821-884-6 |
| 082 ## - DEWEY DECIMAL CLASSIFICATION NUMBER | |
| Classification number | Fil. 664.02 M754 2019 |
| 100 ## - MAIN ENTRY--PERSONAL NAME | |
| Personal name | Monsalve, Arlene O. |
| Relator term | author |
| 245 ## - TITLE STATEMENT | |
| Title | Fundamentals on food processing / |
| Statement of responsibility, etc. | Arlene O. Monsalve, Rey R. Rodriguez |
| 260 ## - PUBLICATION, DISTRIBUTION, ETC. | |
| Place of publication, distribution, etc. | Malabon City: |
| Name of publisher, distributor, etc. | Mutya Publishing House, |
| Date of publication, distribution, etc. | c2019 |
| 300 ## - PHYSICAL DESCRIPTION | |
| Extent | 242p.: |
| Other physical details | ill. |
| 504 ## - BIBLIOGRAPHY, ETC. NOTE | |
| Bibliography, etc. note | Includes bibliographical references |
| 541 ## - IMMEDIATE SOURCE OF ACQUISITION NOTE | |
| Accession number | 7327 c.1, 7328 c.2, 7329 c.3 |
| 650 ## - SUBJECT ADDED ENTRY--TOPICAL TERM | |
| Topical term or geographic name entry element | Food - Purchasing |
| 650 ## - SUBJECT ADDED ENTRY--TOPICAL TERM | |
| Topical term or geographic name entry element | Food - Preservation |
| 650 ## - SUBJECT ADDED ENTRY--TOPICAL TERM | |
| Topical term or geographic name entry element | Food industry |
| 700 ## - ADDED ENTRY--PERSONAL NAME | |
| Personal name | Rodriguez, Rey R. |
| Relator term | author |
| Withdrawn status | Lost status | Source of classification or shelving scheme | Damaged status | Not for loan | Home library | Current library | Date acquired | Total Checkouts | Full call number | Barcode | Date last seen | Copy number | Price effective from | Koha item type |
|---|---|---|---|---|---|---|---|---|---|---|---|---|---|---|
| Dewey Decimal Classification | ctu-moalboal | ctu-moalboal | 02/10/2022 | Fil. 664.02 M754 2019 | 7327 | 07/24/2023 | 1 | 07/24/2023 | Books-Filipiniana | |||||
| Dewey Decimal Classification | ctu-moalboal | ctu-moalboal | 02/10/2022 | Fil. 664.02 M754 2019 | 7328 | 07/24/2023 | 2 | 07/24/2023 | Books-Filipiniana | |||||
| Dewey Decimal Classification | ctu-moalboal | ctu-moalboal | 02/10/2022 | Fil. 664.02 M754 2019 | 7329 | 07/24/2023 | 3 | 07/24/2023 | Books-Filipiniana |